I diritti degli omosessuali

में बचाया:
ग्रंथसूची विवरण
मुख्य लेखक: Omero Fabio
स्वरूप: पुस्तक
भाषा:अज्ञात या अवैध भाषा
प्रकाशित: Venezia Marsilio 1996
टैग: टैग जोड़ें
कोई टैग नहीं, इस रिकॉर्ड को टैग करने वाले पहले व्यक्ति बनें!

MARC

LEADER 00000nam a2200000Ia 4500
001 87
003 NUMERAZIONE-ORIGINALE-BRESCIA
005 20260206230747.0
008 260206s9999 xx 000 0 und d
100 |a Omero Fabio 
245 0 |a I diritti degli omosessuali 
260 |a Venezia 
260 |b Marsilio 
260 |c 1996 
500 |a Dallla parte dei deboli 
500 |a Pietro e Giovanni: cronaca di un amore 
942 |2 ddc  |c BK  |n 0 
952 |0 0  |1 0  |2 ddc  |4 0  |6 23  |7 0  |9 28273  |a BS  |b BS  |d 2026-02-06  |i 87  |l 0  |o 2-3-*  |r 2026-02-06 22:40:32  |w 2026-02-06  |x [REVISIONARE]  |y BK 
999 |c 23969  |d 23969